UM Logo

F & B world: (Record no. 5375)

MARC details
000 -LEADER
fixed length control field 00565nam a22001457a 4500
008 - FIXED-LENGTH DATA ELEMENTS--GENERAL INFORMATION
fixed length control field 161021b xxu||||| |||| 00| 0 eng d
082 ## - DEWEY DECIMAL CLASSIFICATION NUMBER
Edition number Feb 2013- Jan 2015 v. 10 & 13
Classification number DPer 641.05
Item number F73
245 ## - TITLE STATEMENT
Title F & B world:
Remainder of title Make a living with food.
246 ## - VARYING FORM OF TITLE
Title proper/short title Food and Beverages world:
Remainder of title Make a living with food.
260 ## - PUBLICATION, DISTRIBUTION, ETC. (IMPRINT)
Place of publication, distribution, etc. Makati City, Philippines:
Name of publisher, distributor, etc. Hinge Inquirer Publications, Inc.,
Date of publication, distribution, etc. Feb 2013-Jan 2015.
300 ## - PHYSICAL DESCRIPTION
Extent various paging:
Other physical details color illustrations;
Dimensions 28 cm.
650 #0 - SUBJECT ADDED ENTRY--TOPICAL TERM
9 (RLIN) 16618
Topical term or geographic name as entry element Food
Form subdivision Periodicals
650 #0 - SUBJECT ADDED ENTRY--TOPICAL TERM
9 (RLIN) 16619
Topical term or geographic name as entry element Beverages
Form subdivision Periodicals
942 ## - ADDED ENTRY ELEMENTS (KOHA)
Source of classification or shelving scheme Dewey Decimal Classification
Koha item type Periodicals
Holdings
Withdrawn status Lost status Source of classification or shelving scheme Materials specified (bound volume or other part) Damaged status Not for loan Collection code Home library Current library Date acquired Source of acquisition Total Checkouts Full call number Barcode Date last seen Price effective from Koha item type Public note
    Dewey Decimal Classification Vol. 10 & 13     Periodicals UM Digos College - LIC UM Digos College - LIC 10/21/2016 Purchased   DPer 641.05 F73 Feb 2013- Jan 2015 v. 10 & 13 00010 10/21/2016 10/21/2016 Periodicals Bound periodical